Science Quiz

Random Science or Word Play Quiz
Score 0/30 Timer 07:00
0 Plays Today
% Correct
Heart Attack
88.4%
Photosynthesis
88%
Telescope
87.7%
Deafness
86.8%
Volcano
86.5%
Podiatry
85.5%
Mars
85.3%
Fossil
85.1%
Magnet
84.8%
Crystallography
84%
Explosion
83.4%
Radius
83.4%
Tectonic Plate
83.2%
Large Hadron Collider
82.9%
Chemistry
82.6%
% Correct
Water
82.1%
Disease
81.9%
Oval
81.1%
Physics
80.4%
Orbit
80.1%
Geology
80%
Stem Cell
77.6%
Atom
76.6%
Venus
75.6%
Science
71.6%
Mathematics
71.5%
The Moon
68.7%
Molecules
64.6%
Rain
62.5%
Hydrosphere
46.3%
Remove Ads.
Support Sporcle.
Get the best of Sporcle when you Go Orange. This ad-free experience offers more features, more stats, and more fun while also helping to support Sporcle. Thank you for becoming a member.

You're not logged in!

Compare scores with friends on all Sporcle quizzes.
OR
Log In

Sporcle TV

Today on Sporcle TV


Watch our educational content, quiz creation guides, and fun videos on Sporcle TV.

Show Comments

Extras

Top Quizzes Today


Score Distribution

Paid Content

Your Account Isn't Verified!

In order to create a playlist on Sporcle, you need to verify the email address you used during registration. Go to your Sporcle Settings to finish the process.

Report this User

Report this user for behavior that violates our Community Guidelines.

Details: